000 01011cab a2200265 4500
001 ABS53518
008 090401t1995 xxu||||| |||| 00| 0 eng d
035 _a(Sirsi) u4876
041 _aeng
100 _aUff, J.
245 4 _aThe structured avoidance of disputes
260 _c1995
350 _a0
490 _aArbitration and Dispute Resolution Law Journal
_v(3) September 1995, 179-190(7)
520 _aStep-by-step guidance on how to avoid disputes. Covers contract drafting, certification, expert decisions and adjudication. Gives examples.
650 _aMANAGEMENT-DISPUTE AVOIDANCE, MANAGEMENT AND RESOLUTION-DISPUTE MANAGEMENT AND RESOLUTION-ALTERNATIVE DISPUTE RESOLUTION-ADJUDICATION
650 _aCONTRACT DRAFTING
650 _aDISPUTE RESOLUTION
_96236
650 _aEXPERTS
650 _aLITIGATION
690 _aMANAGEMENT-DISPUTE AVOIDANCE, MANAGEMENT AND RESOLUTION-DISPUTE MANAGEMENT AND RESOLUTION-ARBITRATION
700 _aHiggins, J.
942 _n0
948 _c04/03/1997
999 _c2947
_d2947